[Event "Hochsauerland-ch U12"]
[Site "Foeckinghausen"]
[Date "2003.01.04"]
[Round "5"]
[White "Manz, Colin"]
[Black "Bussmann, Juergen"]
[Result "0-1"]
[WhiteElo "1120"]
[BlackElo "1271"]
[PlyCount "52"]
[EventDate "2003.01.??"]
[EventType "tourn"]
[EventRounds "7"]
[EventCountry "GER"]
[SourceTitle "EXT 2005"]
[Source "ChessBase"]
[SourceDate "2004.11.15"]
[SourceVersion "1"]
[SourceVersionDate "2004.11.15"]
[SourceQuality "1"]

1. e4 e5 2. Nf3 d5 3. d3 dxe4 4. dxe4 Qxd1+ 5. Kxd1 Nf6 6. Nc3 Bb4 7. Nb5 0-0 8. Nxc7 Nxe4 9. Be3 b6 10. Nxa8 Bc5 11. Nc7 Bxe3 12. Ke2 Nxf2 13. Kxe3 Nxh1 14. Bb5 Bd7 15. Nd4 Rc8 16. Na6 Bxb5 17. Nxb8 Rxb8 18. Rxh1 Be8 19. Nc6 Bxc6 20. Rd1 Bxg2 21. Rd7 a5 22. a4 Bc6 23. Rd6 Bxa4 24. Rd2 g5 25. b3 Bc6 26. Rg2 Bxg2 0-1

[Event "Hochsauerland-ch U12"]
[Site "Foeckinghausen"]
[Date "2003.01.03"]
[Round "1"]
[White "Manz, Colin"]
[Black "Bremerich, Tim"]
[Result "1-0"]
[WhiteElo "1120"]
[BlackElo "1267"]
[PlyCount "99"]
[EventDate "2003.01.??"]
[EventType "tourn"]
[EventRounds "7"]
[EventCountry "GER"]
[SourceTitle "EXT 2005"]
[Source "ChessBase"]
[SourceDate "2004.11.15"]
[SourceVersion "1"]
[SourceVersionDate "2004.11.15"]
[SourceQuality "1"]

1. e4 e5 2. Nf3 Nf6 3. Nc3 Nc6 4. Bc4 Bc5 5. d3 0-0 6. Bg5 Qe7 7. Nd5 Qe8 8. Nxc7 Qd8 9. Nxa8 h6 10. Bxf6 Qxf6 11. Nc7 h5 12. Nd5 Qh6 13. 0-0 d6 14. c3 Qg6 15. Nh4 Qg5 16. Nf3 Qg6 17. b4 Bh3 18. g3 Bg4 19. b5 Na5 20. Ne7+ Kh7 21. Nxg6 Kxg6 22. d4 Nxc4 23. dxc5 dxc5 24. Kg2 f5 25. Qd5 fxe4 26. Qxe4+ Rf5 27. Qxc4 Bxf3+ 28. Kg1 e4 29. Rfe1 h4 30. Qe6+ Rf6 31. Qh3 Rf5 32. Qxh4 Rh5 33. Qe7 a5 34. Re3 a4 35. Rxf3 exf3 36. g4 Rd5 37. c4 Rd2 38. Qe1 Re2 39. Qb1+ Kg5 40. Qf5+ Kh4 41. Qxf3 Re5 42. Qg3+ Kg5 43. Qxe5+ Kg6 44. Qxc5 b6 45. Re1 bxc5 46. b6 Kg5 47. Re4 g6 48. b7 Kh4 49. b8Q Kh3 50. Qg3# 1-0